Giống lúa & sản xuất hạt giống lúa tốt

שמור ב:
מידע ביבליוגרפי
מחבר ראשי: Bùi, Chí Bửu
פורמט: ספר
שפה:Undetermined
יצא לאור: Hà Nội Nông Nghiệp 2004
נושאים:
תגים: הוספת תג
אין תגיות, היה/י הראשונ/ה לתייג את הרשומה!
Thư viện lưu trữ: Trung tâm Học liệu Trường Đại học Cần Thơ
LEADER 00592nam a2200205Ia 4500
001 CTU_122336
008 210402s9999 xx 000 0 und d
020 |c 10000 
082 |a 633.18 
082 |b B566 
100 |a Bùi, Chí Bửu 
245 0 |a Giống lúa & sản xuất hạt giống lúa tốt 
245 0 |c Bùi Chí Bửu, Nguyễn Thị Lang 
260 |a Hà Nội 
260 |b Nông Nghiệp 
260 |c 2004 
650 |a Rice,Rice 
650 |x Breeding,Quality 
904 |i M.Loan 
980 |a Trung tâm Học liệu Trường Đại học Cần Thơ